| 000 | 00464nam a22001697a 4500 | ||
|---|---|---|---|
| 008 | 230324b |||||||| |||| 00| 0 eng d | ||
| 020 | _a8178080176 | ||
| 040 |
_aNational Science Library _cNational Science Library |
||
| 080 |
_aD 681.3.06Java _bP2 |
||
| 100 | _aHostmann, Cay S | ||
| 245 | _aCore Java | ||
| 260 |
_aNoida: _bEducation Asia, _c2000 |
||
| 300 | _a1204p. | ||
| 500 | _aVol.2 Advanced features | ||
| 650 | _aComputer science | ||
| 942 |
_2udc _cBK |
||
| 999 |
_c14106 _d14106 |
||